Geodesy and Aerophotography (Record no. 119072)

MARC details
000 -LEADER
fixed length control field 00632cas a22002055a 4500
001 - CONTROL NUMBER
control field L139164
008 - FIXED-LENGTH DATA ELEMENTS--GENERAL INFORMATION
fixed length control field 070723d19691972xxubr p 0 a0eng u
035 ## - SYSTEM CONTROL NUMBER
System control number (Sirsi) u139164
041 1# - LANGUAGE CODE
Language code of text/sound track or separate title eng
110 2# - MAIN ENTRY--CORPORATE NAME
Corporate name or jurisdiction name as entry element American Geophysical Union
9 (RLIN) 5280
245 00 - TITLE STATEMENT
Title Geodesy and Aerophotography
260 ## - PUBLICATION, DISTRIBUTION, ETC.
Place of publication, distribution, etc. Washington, D.C.
Name of publisher, distributor, etc. American Geophysical Union
Date of publication, distribution, etc. 1969-1972
362 0# - DATES OF PUBLICATION AND/OR SEQUENTIAL DESIGNATION
Dates of publication and/or sequential designation (1) 1969-(6) 1972
520 ## - SUMMARY, ETC.
Summary, etc. Translation of a Russian journal.
554 ## -
-- Six per year
651 #4 - SUBJECT ADDED ENTRY--GEOGRAPHIC NAME
Geographic name International
690 ## - LOCAL SUBJECT ADDED ENTRY--TOPICAL TERM (OCLC, RLIN)
Topical term or geographic name as entry element ENVIRONMENTAL AND LAND CONSULTANCY-GEOMATICS
785 00 - SUCCEEDING ENTRY
Title Geodesy, Mapping and Photogrammetry
International Standard Serial Number 0361-4433
942 ## - ADDED ENTRY ELEMENTS (KOHA)
Suppress in OPAC 0
Holdings
Withdrawn status Lost status Source of classification or shelving scheme Damaged status Not for loan Home library Current library Shelving location Date acquired Total Checkouts Full call number Barcode Date last seen Price effective from Koha item type
    Dewey Decimal Classification     London London Gallery 23/07/2007   MAPPING SCIENCES AND REMOTE SENSING 139164-1001 06/08/2019 06/08/2019 Journal